| 000 | 00489nam a22001812 4500 | ||
|---|---|---|---|
| 001 | 0000006175 | ||
| 005 | 20170406121307.0 | ||
| 008 | 160128s xx 000 0 eng d | ||
| 020 | _c$ | ||
| 040 |
_aYour Holding Symbol _cYour Holding Symbol |
||
| 100 | 1 | _aO Connell Marvin. | |
| 245 | 1 | 4 |
_aThe counter reformation : _b1559-1610. |
| 250 | _a ed. | ||
| 260 |
_aLondon : _bHarper, _c1974. |
||
| 300 |
_a390 p. ; _c cm. |
||
| 610 | 2 | 0 | _xcounter refomation. |
| 908 | _a160128 | ||
| 999 |
_c5929 _d5929 |
||